000 00592nam a2200181 i 4500
001 70930
003 ES-MaACL
005 20250730050443.0
007 t|
008 040804s1984 sp ||||1| spa d
100 1 _aGarzón Pareja, Manuel.
_955824
245 1 0 _aHistoria de la Hacienda de España /
_cManuel Garzón Pareja ; prólog, Antonio Domínguez Ortíz.
260 _a[Madrid] :
_bInstituto de Estudios Fiscales,
_c1984.
300 _a2 v. ;
_c24 cm.
700 1 _aDomínguez Ortiz, Antonio,
_d1909-2003
_945233
852 _aES-MaACL
_jL-7587-8
_bR.108598
999 _c70930
_d70930